Rhetoric and reconstruction in post-Mitch Honduras /
محفوظ في:
| المؤلف الرئيسي: | |
|---|---|
| التنسيق: | نص |
| الموضوعات: | |
| الوسوم: |
إضافة وسم
لا توجد وسوم, كن أول من يضع وسما على هذه التسجيلة!
|
MARC
| LEADER | 00000 a a2200000 04500 | ||
|---|---|---|---|
| 001 | 9933 | ||
| 003 | |||
| 040 | |||
| 100 | |a Jeffrey, Paul | ||
| 245 | |a Rhetoric and reconstruction in post-Mitch Honduras / |c Paul Jeffrey | ||
| 650 | |a DESASTRES NATURALES | ||
| 650 | |a VICTIMAS | ||
| 650 | |a POBREZA | ||
| 650 | |a ESTADO DE EMERGENCIA | ||
| 650 | |a COOPERACION INTERNACIONAL | ||
| 650 | |a MILITARES | ||
| 650 | |a GOBIERNO | ||
| 650 | |a ESTADO | ||
| 773 | |g volumen 33, número 2; páginas 28-35 | ||
| 999 | |c 30866 |d 30866 | ||
